[Event "GER-chT U12"]
[Site "Magdeburg"]
[Date "2023.12.30"]
[Round "7.7"]
[White "Gilcher, Tamino"]
[Black "Rexhausen, Mika"]
[Result "1/2-1/2"]
[WhiteElo "1207"]
[BlackElo "943"]
[PlyCount "111"]
[EventDate "2023.12.26"]
[EventType "team-swiss"]
[EventRounds "7"]
[EventCountry "GER"]
[SourceTitle "CB03_2024"]
[SourceDate "2024.01.17"]
[SourceVersion "1"]
[SourceVersionDate "2024.01.17"]
[SourceQuality "1"]
[WhiteTeam "Trier SG"]
[BlackTeam "Eichsfeld"]
[WhiteTeamCountry "GER"]
[BlackTeamCountry "GER"]

1. e4 c5 2. Nf3 e6 3. Nc3 Nc6 4. Bc4 a6 5. d3 Qc7 6. 0-0 Be7 7. h3 Nf6 8. Re1 0-0 9. e5 Ne8 10. Bf4 b5 11. Bb3 Bb7 12. Ng5 Nxe5 13. Bxe5 Qc6 14. Nf3 d5 15. a3 Rd8 16. d4 c4 17. Ba2 Bf6 18. b3 h6 19. a4 b4 20. Ne2 c3 21. Bxf6 Nxf6 22. Ne5 Qb6 23. Qd3 a5 24. Nxc3 bxc3 25. Qxc3 Rc8 26. Qd3 Ba6 27. c4 dxc4 28. bxc4 Rfd8 29. Red1 Nd7 30. Nxd7 Rxd7 31. Bb1 g6 32. Ba2 e5 33. d5 Qc5 34. Rac1 f5 35. g4 e4 36. Qd4 Qa3 37. Qf6 Kh7 38. Qxa6 Rdd8 39. d6 Qxa2 40. Qb7+ Kg8 41. d7 Rb8 42. Qxb8 Rxb8 43. d8Q+ Rxd8 44. Rxd8+ Kf7 45. c5 Qa3 46. Rdd1 Qxh3 47. c6 Qxg4+ 48. Kf1 Qh3+ 49. Kg1 Qg4+ 50. Kf1 e3 51. fxe3 Qf3+ 52. Ke1 Qxe3+ 53. Kf1 f4 54. Rd7+ Kf6 55. Rdd1 f3 56. Rc2 1/2-1/2